| 000 | 00789nam a2200265 a 4500 | ||
|---|---|---|---|
| 999 |
_c8876 _d8876 |
||
| 001 | 3271528 | ||
| 003 | GZU | ||
| 005 | 20210526115308.0 | ||
| 008 | 830407s1982 enk b 001 0 eng | ||
| 010 | _a 81208126 | ||
| 020 |
_a0421277602 : _c£14.75 |
||
| 020 | _a042127770X (pbk.) | ||
| 040 |
_aDLC _cDLC _dDLC |
||
| 043 | _ae-uk--- | ||
| 050 | 0 | 0 |
_aKD1859 _b.B57 1982 |
| 082 | 0 | 0 |
_a346.41/086 _a344.10686 _219 |
| 100 | 1 | _aBirds, John. | |
| 245 | 1 | 0 |
_aModern insurance law / _cby John Birds. |
| 260 |
_aLondon : _bSweet & Maxwell, _c1982. |
||
| 300 |
_axxxviii, 357 p. ; _c23 cm. |
||
| 504 | _aIncludes bibliographical references and index. | ||
| 650 | 0 |
_aInsurance law _zGreat Britain. |
|
| 906 |
_a7 _bcbc _corignew _d3 _encip _f19 _gy-gencatlg |
||
| 942 |
_2lcc _cBK _h1859 _iBIR _kKD _m1982 |
||